000 00304nam a2200121Ia 4500
008 191201s2009 xx 000 0 und d
100 _aMAITRAY, Mohan
245 0 _aBhartiya Chetna Evam Chintan
260 _aN. delhi
_bKalpana Prakashan
_c2009
300 _a321
650 _aGeneral Books
942 _2ddc
_cBK
999 _c738
_d738